000 00454nam a2200133Ia 4500
005 20260326235449.0
008 260326s9999||||xx |||||||||||||| ||und||
100 _aInstituto de Investigaciones de la Vivienda
245 0 _aTipos predominantes de Vivienda natural en la República Argentina /
_cInstituto de Investigaciones de la Vivienda
260 _bUniversitaria de Buenos Aires
300 _a111 p.
650 _aARQUITECTURA RESIDENCIAL
942 _cBK
999 _c7690
_d7690